|
|
|
|
| LEADER |
00000nam0a2200000 4500 |
| 001 |
140674 |
| 005 |
20231031142127.0 |
| 029 |
1 |
0 |
|a RU
|b 2.11.03-93
|c СНиП
|
| 035 |
|
|
|a (RuTPU)RU\TPU\book\152399
|
| 035 |
|
|
|a RU\TPU\book\152373
|
| 090 |
|
|
|a 140674
|
| 100 |
|
|
|a 20080704d1996 k y0rusy50 ca
|
| 101 |
0 |
|
|a rus
|
| 102 |
|
|
|a RU
|
| 105 |
|
|
|a a l 000zy
|
| 200 |
1 |
|
|a Склады нефти и нефтепродуктов. Противопожарные нормы. СНиП 2.11.03-93
|f Государственный комитет Российской Федерации по вопросам архитектуры и строительства (Госстрой России)
|
| 205 |
|
|
|a Изд. официальное
|
| 210 |
|
|
|a Москва
|c ГП ЦПП
|d 1996
|
| 215 |
|
|
|a 20 с.
|c ил.
|
| 225 |
1 |
|
|a Строительные нормы и правила
|
| 229 |
|
|
|a Утверждены постановлением Государственного комитета РФ по вопросам архитектуры и строительства от 16 апреля 1993 г.
|a Взамен СНиП II-106-79
|
| 610 |
1 |
|
|a СНиП
|
| 610 |
1 |
|
|a строительные нормы и правила
|
| 610 |
1 |
|
|a склады
|
| 610 |
1 |
|
|a нефть
|
| 610 |
1 |
|
|a нефтепродукты
|
| 610 |
1 |
|
|a противопожарные нормы
|
| 610 |
1 |
|
|a генеральный план
|
| 610 |
1 |
|
|a резервуары
|
| 610 |
1 |
|
|a резервуарные парки
|
| 610 |
1 |
|
|a складские здания
|
| 610 |
1 |
|
|a хранение
|
| 610 |
1 |
|
|a сливоналивные эстакады
|
| 610 |
1 |
|
|a разливочные
|
| 610 |
1 |
|
|a насосные станции
|
| 610 |
1 |
|
|a перекачка
|
| 610 |
1 |
|
|a пожаротушение
|
| 610 |
1 |
|
|a требования
|
| 610 |
1 |
|
|a электроснабжение
|
| 610 |
1 |
|
|a связь
|
| 610 |
1 |
|
|a сигнализация
|
| 610 |
1 |
|
|a особенности
|
| 675 |
|
|
|a 69(083)
|v 3
|
| 675 |
|
|
|a 722.692.5(083)
|v 3
|
| 712 |
0 |
1 |
|a Российская Федерация
|b Государственнй комитет по вопросам архитектуры и строительства (Госстрой России)
|c (1992-1994)
|2 stltpush
|3 (RuTPU)RU\TPU\col\12601
|
| 801 |
|
1 |
|a RU
|b 63413507
|c 20030819
|g PSBO
|
| 801 |
|
2 |
|a RU
|b 63413507
|c 20221207
|g PSBO
|
| 942 |
|
|
|c BK
|